| 000 | 01062naa a22003017a 4500 | ||
|---|---|---|---|
| 001 | BR8106511 | ||
| 003 | BR-BrBNA | ||
| 005 | 20250716171950.0 | ||
| 007 | ta | ||
| 008 | 250630b bl.|||m| |||| 00| 0 por d | ||
| 040 |
_aBR-BrBNA _bpor _cBiblioteca Nacional de Agricultura |
||
| 041 | _a(Pt) | ||
| 072 |
_aF00; L30 _b1940 _bG514 |
||
| 090 | _aF00 BR8106511 | ||
| 100 | 1 | _aPereira, J.P. | |
| 245 | 1 | _aAveia forrageira nas varzeas [Minas Gerais, Brasil] | |
| 500 | _aPROVARZEAS Nacional. 1 hectare vale por dez Brasilia, DF (Brasil): 1981. p. 66-70 (BR8106511-AMS) | ||
| 773 | 0 |
_tPROVARZEAS Nacional. 1 hectare vale por dez _wF00 BR8106511 _gBrasilia, DF (Brasil), 1981. p. 66-70 |
|
| 650 | _aAVEIA FORRAGEIRA | ||
| 650 | _aFORRAGEIRA DE INVERNO | ||
| 650 | _aPRODUCAO LEITEIRA | ||
| 650 | _aPRATICA CULTURAL | ||
| 650 | _aCUSTO DE PRODUCAO | ||
| 650 | _aMINAS GERAIS | ||
| 490 |
_aInformacao Tecnica - Programa Nacional para Aproveitamento de Varzeas Irrigaveis (Brazil) _vno. 1 |
||
| 942 |
_cAMS _2AGRIS |
||
| 909 |
_a202506 _bLúcia _c55 _dLúcia Elande |
||
| 999 |
_c333873 _d333873 |
||